| 000 | nkm a22 a 4500 | ||
|---|---|---|---|
| 999 |
_c389256 _d389256 |
||
| 003 | BLK | ||
| 005 | 20210215162714.0 | ||
| 008 | 200929b bu ||||| |||| 00| 0 bu d913 | ||
| 040 | _aBLK | ||
| 041 |
_aBUL _cBUL |
||
| 080 |
_aГеография на България _b913(497.2) _z913(497.2) |
||
| 139 | _aЛовеч | ||
| 245 | _aЛовеч | ||
| 260 |
_9434662 _aЛовеч _bГрадски народен съвет _c1966 |
||
| 380 | _a91 | ||
| 700 |
_91478 _aЦветанов, Н. _eсъстав. |
||
| 700 |
_91311 _aПанчев, Б. _eред. |
||
| 852 | _aЦб 303008 | ||
| 942 |
_cGRA _n0 _s1 |
||
| 944 |
_aCR _c2020-09-29 _kВР |
||
| 999 | _d389256 | ||